000 00805nam a22002057a 4500
999 _c273
_d273
003 AR-CdUCM
008 190222b ||||| |||| 00| 0 spa d
040 _aMUNICIPALIDAD PROVINCIAL DEL CUSCO
_cBIBLIOTECA MUNICIPAL DEL CUSCO
082 _a869.567 /
_bW44
100 _aWeller, Hubert P.
_91160
245 _aBibliografia analítica y anotada de y sobre Martín Adan /
260 _aLima :
_bInstituto Nacional de Cultura ;
_c1975,
300 _a139 paginas ;
_c17 cm.
505 _aContenido: La obra de Martín Adán -- Análisis Bibliográfico -- Referencias anecdóticas y bibliográficas de menor importancia Bibliografía anotada de Martín Adán ...
650 _aBibliografia
_9345
650 _aMartín Adan
_91161
650 _aPoesía
_9139
942 _2ddc
_cLIBROS
945 _arum
_d2019-02-22